|
|
|
|
| LEADER |
00000nam a2200000 a 4500 |
| 001 |
vtls010353149 |
| 003 |
SK-MaSNL |
| 005 |
20260301085047.0 |
| 007 |
co cg auuua |
| 008 |
240318s2011 xo fsp 000 0dslo |
| 015 |
|
|
|a SNBS2014
|
| 020 |
|
|
|a 9788022331678
|q (elektronická kniha)
|
| 040 |
|
|
|a SNK
|b slo
|c SNK
|e AACR2
|
| 041 |
0 |
|
|a slo
|
| 044 |
|
|
|a xo
|c SK
|
| 072 |
|
7 |
|a 549
|x Mineralógia
|2 konspekt
|
| 072 |
|
7 |
|a 620.1/.2
|x Náuka o materiáli
|2 konspekt
|
| 080 |
|
|
|a 549-027.22
|2 2001
|
| 080 |
|
|
|a 620.2-039.6
|2 2001
|
| 080 |
|
|
|a (075.8)
|2 2001
|
| 080 |
|
|
|a (0.034.44)
|2 2001
|
| 100 |
1 |
|
|a Jesenák, Karol,
|d 1951-
|4 aut
|9 190437
|
| 245 |
1 |
0 |
|a Stručný prehľad využitia nesilikátových minerálov
|h elektronický zdroj
|c Karol Jesenák
|
| 260 |
|
|
|a V Bratislave
|b Univerzita Komenského
|c 2011
|
| 300 |
|
|
|a 1 elektronický optický disk (CD-ROM)
|b fareb.
|c 12 cm
|
| 500 |
|
|
|a Názov z titulnej obrazovky, biogr. údaje
|
| 516 |
|
|
|a Textový dokument (učebnica), súbor vo formáte pdf
|
| 538 |
|
|
|a Technické požiadavky: PDF prehliadač
|
| 650 |
0 |
7 |
|a nesilikátové minerály
|2 SNKPH
|9 333765
|
| 650 |
0 |
7 |
|a anorganické materiály
|2 SNKPH
|9 69746
|
| 650 |
0 |
7 |
|a úžitkové minerály
|2 SNKPH
|9 117055
|
| 650 |
0 |
7 |
|a Non silicate minerals
|2 SNKPHeng
|9 333766
|
| 650 |
0 |
7 |
|a Inorganic materials
|2 SNKPHeng
|9 333767
|
| 650 |
0 |
7 |
|a Industrial minerals
|2 SNKPHeng
|9 333768
|
| 655 |
|
7 |
|a elektronické zdroje
|2 SNKPH
|9 90954
|
| 655 |
|
7 |
|a CD-ROM
|2 SNKPH
|9 70236
|
| 655 |
|
7 |
|a učebnice vysokých škôl
|2 SNKPH
|9 70191
|
| 655 |
|
7 |
|a Textbooks (higher)
|2 SNKPHeng
|9 276436
|
| 655 |
|
7 |
|a Electronic resources
|2 SNKPHeng
|9 175546
|
| 752 |
|
|
|a Slovensko
|d Bratislava
|
| 856 |
4 |
1 |
|u http://www.fns.uniba.sk/?jesenak
|
| 919 |
|
|
|a 978-80-223-3167-8
|
| 999 |
|
|
|c 664913
|d 666843
|
| 952 |
|
|
|a SNK
|b SNK
|y PREZ
|7 0
|p 17A0886291
|o snkSCDM 4699
|i snk2012/8090
|8 0
|0 0
|1 0
|4 0
|d 2012-04-20
|l 0
|r 2026-02-23 19:06:23
|w 2026-02-23
|